Invisible forgotten sufferers : (Record no. 515947)

000 -LEADER
fixed length control field 00315nam a22001097a 4500
082 ## - DEWEY DECIMAL CLASSIFICATION NUMBER
Classification number TNC B14 D954
100 ## - MAIN ENTRY--PERSONAL NAME
Personal name Dutt, Vijay
9 (RLIN) 22223
245 ## - TITLE STATEMENT
Title Invisible forgotten sufferers :
Remainder of title The plight of widows around the world
Statement of responsibility, etc by Vijay Dutt
260 ## - PUBLICATION, DISTRIBUTION, ETC. (IMPRINT)
Place of publication, distribution, etc New Delhi
Name of publisher, distributor, etc Konark
Date of publication, distribution, etc 2010
300 ## - PHYSICAL DESCRIPTION
Extent 165p.
650 ## - SUBJECT ADDED ENTRY--TOPICAL TERM
Topical term or geographic name as entry element Widows
9 (RLIN) 23501
Holdings
Withdrawn status Lost status Source of classification or shelving scheme Damaged status Koha normalized classification for sorting Not for loan Permanent location Current location Date acquired Full call number Barcode Date last seen Price effective from Koha item type
        TNC_B14_D954   Indian Institute of Public Administration Indian Institute of Public Administration 2021-02-12 TNC B14 D954 GR22719 2021-02-12 2021-02-12 GR

Powered by Koha